<?xml version="1.0" encoding="UTF-8"?>
<record
    xmlns:xsi="http://www.w3.org/2001/XMLSchema-instance"
    xsi:schemaLocation="http://www.loc.gov/MARC21/slim http://www.loc.gov/standards/marcxml/schema/MARC21slim.xsd"
    xmlns="http://www.loc.gov/MARC21/slim">

  <leader>01015nam a22001817a 4500</leader>
  <controlfield tag="005">20260305171845.0</controlfield>
  <datafield tag="010" ind1=" " ind2=" ">
    <subfield code="a">BACHN26</subfield>
  </datafield>
  <datafield tag="020" ind1=" " ind2=" ">
    <subfield code="a">9780997025491</subfield>
    <subfield code="c">490.00</subfield>
  </datafield>
  <datafield tag="037" ind1=" " ind2=" ">
    <subfield code="b">&#x90F;.&#x906;&#x930;. &#x92A;&#x92C;&#x94D;&#x932;&#x93F;&#x915;&#x947;&#x936;&#x928;</subfield>
  </datafield>
  <datafield tag="082" ind1=" " ind2=" ">
    <subfield code="a">000</subfield>
  </datafield>
  <datafield tag="100" ind1=" " ind2=" ">
    <subfield code="a">&#x906;&#x926;&#x93F;&#x924;&#x94D;&#x92F; &#x930;&#x902;&#x91C;&#x928;  </subfield>
    <subfield code="9">88068</subfield>
  </datafield>
  <datafield tag="245" ind1=" " ind2=" ">
    <subfield code="a">&#x938;&#x93E;&#x92E;&#x93E;&#x928;&#x94D;&#x92F; &#x91C;&#x94D;&#x91E;&#x93E;&#x928;, &#x925;&#x94D;&#x92F;&#x94C;&#x930;&#x940; &#x90F;&#x92E;.&#x938;&#x940;.&#x915;&#x94D;&#x92F;&#x942;:</subfield>
    <subfield code="b">&#x91F;&#x94D;&#x930;&#x93F;&#x915; &#x90F;&#x902;&#x921; &#x92C;&#x948;&#x938;&#x94D;&#x91F; &#x907;&#x902;&#x92B;&#x93E;&#x917;&#x94D;&#x930;&#x93E;&#x92B;&#x940;&#x915;&#x94D;&#x938;/</subfield>
    <subfield code="c">&#x906;&#x926;&#x93F;&#x924;&#x94D;&#x92F; &#x930;&#x902;&#x91C;&#x928; </subfield>
  </datafield>
  <datafield tag="250" ind1=" " ind2=" ">
    <subfield code="a">&#x92A;&#x94D;&#x930;&#x925;&#x92E; </subfield>
  </datafield>
  <datafield tag="260" ind1=" " ind2=" ">
    <subfield code="a">&#x928;&#x908; &#x926;&#x93F;&#x932;&#x94D;&#x932;&#x940; </subfield>
    <subfield code="b">&#x90F;.&#x906;&#x930;. &#x92A;&#x92C;&#x94D;&#x932;&#x93F;&#x915;&#x947;&#x936;&#x928;</subfield>
    <subfield code="c">2025</subfield>
  </datafield>
  <datafield tag="300" ind1=" " ind2=" ">
    <subfield code="a">590&#x92A;&#x943;.</subfield>
    <subfield code="c">26&#x938;&#x947;&#x92E;&#x940; (&#x905;&#x91C;&#x93F;&#x932;&#x94D;&#x926;)</subfield>
    <subfield code="b">&#x938;&#x91A;&#x93F;&#x924;&#x94D;&#x930;</subfield>
  </datafield>
  <datafield tag="500" ind1=" " ind2=" ">
    <subfield code="a">&#x90F;&#x938;.&#x90F;&#x938;.&#x938;&#x940;(&#x938;&#x940;.&#x91C;&#x940;.&#x90F;&#x932;.), &#x938;&#x940;.&#x92A;&#x940;.&#x913;, &#x938;&#x94D;&#x91F;&#x948;&#x928;&#x94B;&#x917;&#x94D;&#x930;&#x93E;&#x92B;&#x94D;&#x930;&#x930;, &#x90F;&#x938;.&#x92A;&#x940;, &#x91C;&#x940;.&#x921;&#x940;, &#x90F;&#x92E;.&#x91F;&#x940;.&#x90F;&#x938;., &#x930;&#x947;&#x932;&#x935;&#x947; &#x90F;&#x928;.&#x91F;&#x940;.&#x92A;&#x940;.&#x938;&#x940;, &#x90F;&#x932;&#x92A;&#x940;.</subfield>
  </datafield>
  <datafield tag="942" ind1=" " ind2=" ">
    <subfield code="2">ddc</subfield>
    <subfield code="c">HN</subfield>
    <subfield code="h">000</subfield>
    <subfield code="m">&#x906;&#x926;&#x93F;&#x924;&#x94D;&#x92F; </subfield>
  </datafield>
  <datafield tag="999" ind1=" " ind2=" ">
    <subfield code="c">215315</subfield>
    <subfield code="d">215315</subfield>
  </datafield>
</record>
